| 000 | 00480nam a22001697a 4500 | ||
|---|---|---|---|
| 003 | CEME | ||
| 005 | 20210628203519.0 | ||
| 008 | 210316b xxu||||| |||| 00| 0 eng d | ||
| 020 | _a621.3822 YOU'W | ||
| 040 | _c. | ||
| 100 |
_aYoung, R. K _965944 |
||
| 245 | _aWavelet theory and its applications | ||
| 260 |
_aBOSTON _bKLUWER _c1992 |
||
| 300 | _a223P | ||
| 650 |
_aSIGNAL PROCESSING MATHEMATGICS WAVELET (MATHEMATICS) LINEAR TIME INVARIANT SYSTEMS _965945 |
||
| 942 |
_cBK _2ddc |
||
| 999 |
_c574011 _d574011 |
||